000 00432nam a22001577a 4500
005 20251028123859.0
008 251028b |||||||| |||| 00| 0 eng d
020 _a007823896X
050 _aQC 23 .Z58 2002
_bC.7
100 _aZITZEWITZ, PAUL W
245 _aPHYSICS
_bPrinciples and Problems
260 _aNEW YORK
_bGLENCOE MCGRAW-HILL
_c2002
300 _aXVI, 894P. ILL
500 _aINCLUDES BIBLIOGRAPHY
942 _2lcc
_cBK
999 _c216140
_d216140